00814nam a2200193Ia 4500008004100000020002200041050001900063100001600082240004400098245009200142260002800234300001200262500009600274600003800370650006800408942001200476952011500488999001700603120626s9999 xx 000 0 und d a978-84-8322-048-1 aBF721 B48 1999 aBERK, Laura aDesarrollo del niño y del adolescente aDesarrollo del niño y del adolescente / Laura E. Berk; tr. Mercedes Pascual del Río aMéxico: Prentice Hall a1011 p. aEducacion Mixta Pedagogia PSICOLOGÍA DEL DESARROLLO INFANTIL II B05 libro 2 06 002366 a1.- PASCUAL DEL RIO MERCEDES, tr. a1.-ADOLESCENCIA 2.- SOCIALIZACION 3.- NIÑOS -- CRECIMIENTOÌ 2lcccLB 00102lcc4070a25b25d2013-06-18l28oBF721 B48 1999 p06 002366r2023-05-30s2023-05-30t1w2013-07-24yLB c90250d90250